000 01003nam a2200265 a 4500
001 BRCA_7120
005 20190320205723.0
008 301211s1890----enkabb####---#000-0#eng-#
041 _aeng
044 _aenk
050 4 _aPR2916
_b.L3 1890
100 1 _aLee, Sidney
_cSir
_d1859-1926
_917696
245 1 0 _aStratford-on-Avon
_bfrom the earliest times to the death of Shakespeare
_cby Sidney Lee wiyh forty-five illustrations by Edward Hull
260 _aLondres : Nueva York
_bSeeley and Co. Limited, Essex Strett : Macmillan & Co.
_c1890
300 _aviii, 304 p.
_bil., 1 mapa
_c19 cm.
500 _aEdición con cantos dorados
500 _aEx libris de: William Hartmann Woodin
500 _aO150
600 1 4 _aShakespeare, William
_d1564-1616
_xCasas y lugares
_zInglaterra
_917697
650 1 4 _aDramaturgos ingleses
_xCasas y lugares
_zInglaterra
_917698
651 4 _aStratford-upon-Avon (Inglaterra)
_xHistoria
_917699
700 1 _aHull, Edward
_eil.
_917700
902 _aGFM
942 _2lcc
_cB
999 _c6801
_d6801